Energetické systémy s využitím obnovitelných zdrojů energie. 2. díl, Biopaliva

Korporativní autor: Státní fond životního prostředí České republiky
Jazyk: Čeština
Vydáno: Dalovice : KV-BIO, občanské sdružení :Centrum pro alternativní energie Egrensis - CATE, [2000?]
Témata:
Fyzický popis: 46 stran : ilustrace ; 21 cm
Knihy
Uloženo v:
LEADER 01384nam a2200373 i 4500
001 001580655
003 CZ BrMZK
005 20170818095139.0
007 ta
008 170614s2000 xr a e f 000 0 cze
020 |q (Brožováno) 
040 |a BOA001  |b cze  |e rda 
072 7 |a 662  |x Výbušniny. Paliva  |2 Konspekt  |9 19 
080 |a 577.337  |2 MRF 
080 |a 662.756+662.767  |2 MRF 
080 |a (036)  |2 MRF 
245 0 0 |a Energetické systémy s využitím obnovitelných zdrojů energie.  |n 2. díl,  |p Biopaliva 
246 3 0 |a Biopaliva 
264 1 |a Dalovice :  |b KV-BIO, občanské sdružení :  |b Centrum pro alternativní energie Egrensis - CATE,  |c [2000?] 
300 |a 46 stran :  |b ilustrace ;  |c 21 cm 
336 |a text  |b txt  |2 rdacontent 
337 |a bez média  |b n  |2 rdamedia 
338 |a svazek  |b nc  |2 rdacarrier 
500 |a Název z obálky 
500 |a Nad názvem: Státní fond životního prostředí České republiky 
504 |a Obsahuje bibliografii 
650 0 7 |a bioenergetika  |7 ph118887  |2 czenas 
650 0 7 |a biopaliva  |7 ph118919  |2 czenas 
655 7 |a informační publikace  |7 fd132454  |2 czenas 
710 2 |a Státní fond životního prostředí České republiky  |7 xx0019088  |4 oth 
910 |a BOA001  |b 2-1391.961,2 
990 |a BK 
991 |b 201708  |c NOV 
996 6 |b 2610715096  |c 2-1391.961,2  |l MZK  |r Sklad / do 1 hodiny  |n 0  |p dar  |w 001624097  |u 000010  |a 1  |e BOA001  |j MZK50  |s P